Statistiques concernant Youtubeurs francophones par images

Cliquez ici pour prendre le quiz!

Statistiques générales

  • Ce quiz a été pris 9 920 fois
    (8 316 depuis la dernière actualisation)
  • Le résultat moyen est 19 sur 24

Statistiques - réponses

Réponse% Correct
Squeezie
99%
Cyprien
98%
Carlito
97%
Mcfly
97%
Norman
97%
Mister V
95%
Amixem
94%
Michou
94%
Natoo
94%
Tibo InShape
93%
Mastu
92%
Inoxtag
91%
JOYCA
91%
Lena situations
91%
SEB
91%
GOTAGA
86%
Jamy
79%
Maxence
72%
Luciole
66%
Rémi Gaillard
53%
Polo
46%
Poisson Fécond
44%
Fuze III
31%
Felix Felicis
7%

Distribution des résultats

Percentile par nombre de réponses

% des personnes avec chaque résultat

Votre développement - résultats

Vous n’avez pas pris ce quiz depuis la dernière actualisation